01550nam a2200193Ia 4500003000500000005001700005008004100022020003000063040002300093082001600116100002000132245004800152260004200200300005000242490003900292504005200331520096300383521001001346322820240903091500.0210816s9999 xx 000 0 und d a9780737744712"cPaperback aRDAbEnglishc3228 a304.62 POPU aBerlatsky, Noah 0aPopulation growth /ceditor. Berlatsky Noah aDetroit : bGreenhaven Press, c2009. a249 pagesbcolour illustrations: mapsc24 cm. a Global viewpointsx9780737 744712 a Includes bibliographical references and index. aSummary: The Global Viewpoints series provides students and other readers with the information they need to explore global connections and think critically about the worldwide implications of global issues. Each volume focuses on a controversial topic of worldwide importance and offers a panoramic view of opinions selected from a diverse range of international sources, including journals, magazines, newspapers, nonfiction books, speeches, government documents, organization newsletters, and position papers. Each volume contains an annotated table of contents; a world map, to help readers locate countries or areas covered in the essays; "for further discussion" questions; a worldwide list of organizations to contact; bibliographies of books and periodicals; and a subject index. By illuminating the complexities and interrelations of the global community, this excellent resource helps students and other researchers enhance their global awareness.  aAdult